Флебология. Т. 2, № 2 (Запись № 11609060)

Подробности
000 -МАРКЕР
контрольное поле 00875nam2a2200205 4500
001 - ИДЕНТИФИКАТОР ЗАПИСИ
контрольное поле RU\NLR\PER_A\003157707_000870
005 - ИДЕНТИФИКАТОР ВЕРСИИ
контрольное поле 20250626173746.0
035 ## - ДРУГИЕ СИСТЕМНЫЕ НОМЕРА
Идентификатор записи (NLR Aleph) 012042325
100 ## - ДАННЫЕ ОБЩЕЙ ОБРАБОТКИ
Данные общей обработки 20190624d2008 |||y0rusy50 ca
101 0# - ЯЗЫК РЕСУРСА
Язык текста, звукозаписи и т.д. русский
102 ## - СТРАНА ПУБЛИКАЦИИ ИЛИ ПРОИЗВОДСТВА
Страна публикации Российская Федерация
200 0# - ЗАГЛАВИЕ И СВЕДЕНИЯ ОБ ОТВЕТСТВЕННОСТИ
Основное заглавие Т. 2, № 2
210 ## - ПУБЛИКАЦИЯ, РАСПРОСТРАНЕНИЕ И ДР.
Дата издания, распространения и т.д. 2008
Место издания, распространения и т.д. Б. м.
461 #0 - УРОВЕНЬ НАБОРА
Встроенное поле 001RU\NLR\Per\585387
-- 2001#$aФлебология$eнаучно-практический рецензируемый журнал$fАссоц. флебологов России$vТ. 2, № 2
Системный номер (АБИС) связанной записи 3071939
Место публикации Москва
Дата публикации 2008 -
Первые сведения об ответственности Ассоц. флебологов России
Имя издателя, распространителя и т.д. Медиа Сфера
Сведения, относящиеся к заглавию научно-практический рецензируемый журнал
Заглавие Флебология
ISSN 1997-6976
Номер тома Т. 2, № 2
852 ## - МЕСТОНАХОЖДЕНИЕ И ШИФР ХРАНЕНИЯ
Идентификатор организации NLR
Шифр хранения (Call Number) П17/1331
942 ## - ДОПОЛНИТЕЛЬНЫЕ ЭЛЕМЕНТЫ ЗАПИСИ (АБИС)
Тип экземпляра АБИС Выпуск
980 ## - КОЛЛЕКЦИЯ
Название коллекции Национальная библиография
980 ## - КОЛЛЕКЦИЯ
Название коллекции Русская периодика

Нет доступных экземпляров.